| 000 | 00484nam a2200193Ia 4500 | ||
|---|---|---|---|
| 003 | GCL | ||
| 008 | 140319s9999 xx 000 0 eng d | ||
| 040 |
_aGCL / _cGCL |
||
| 082 | 0 | 4 |
_a944 _bD M |
| 100 | 1 | _aDE SAUVIGNY, GUILLAUME DE BUTIER | |
| 245 | 1 | 0 |
_aMETTERNICH / _cDE SAUVIGNY, GUILLAUME DE BUTIER |
| 260 |
_a[S.N] : _bFAYARD ، _c1986 |
||
| 300 | _a535 P | ||
| 650 | 0 | 4 | _aHISTORY |
| 650 | 0 | 4 | _aFRANCE |
| 650 | 0 | 4 | _aFRENCH HISTORY |
| 650 | 0 | 4 | _aMETTERNICH |
| 942 |
_2ddc _cBK |
||
| 999 |
_c24752 _d24752 |
||